|
|
|
|
| LEADER |
00000nam a2200000 i 4500 |
| 001 |
115429 |
| 003 |
CZ-ZlUTB |
| 005 |
20260402100923.0 |
| 007 |
ta |
| 008 |
260330s2014 xxka f 001 0 eng d |
| 020 |
|
|
|a 978-0-415-64456-3
|q (brožováno)
|
| 040 |
|
|
|a ZLD002
|b cze
|e rda
|
| 044 |
|
|
|a xxk
|a xxu
|
| 072 |
|
7 |
|a 687
|x Oděvní průmysl. Kosmetika. Kadeřnictví. Péče o vzhled
|2 Konspekt
|9 19
|
| 080 |
|
|
|a 687.5.01
|2 MRF
|
| 080 |
|
|
|a 687
|2 MRF
|
| 080 |
|
|
|a 677
|2 MRF
|
| 080 |
|
|
|a 687.1/.4
|2 MRF
|
| 080 |
|
|
|a 502.131.1
|2 MRF
|
| 080 |
|
|
|a 687.1
|2 MRF
|
| 080 |
|
|
|a 677.074/.077
|2 MRF
|
| 080 |
|
|
|a 502.173:005.936.43
|2 MRF
|
| 080 |
|
|
|a 17:33
|2 MRF
|
| 080 |
|
|
|a (048.8)
|2 MRF
|
| 100 |
1 |
|
|a Fletcher, Kate,
|d 1971-
|7 ntk2015858232
|4 aut
|
| 245 |
1 |
0 |
|a Sustainable fashion and textiles :
|b design journeys /
|c Kate Fletcher
|
| 250 |
|
|
|a Second edition
|
| 264 |
|
1 |
|a London ;
|a New York :
|b Routledge, Taylor & Francis Group,
|c 2014
|
| 300 |
|
|
|a xix, 267 stran :
|b barevné ilustrace ;
|c 25 cm
|
| 336 |
|
|
|a text
|b txt
|2 rdacontent
|
| 337 |
|
|
|a bez média
|b n
|2 rdamedia
|
| 338 |
|
|
|a svazek
|b nc
|2 rdacarrier
|
| 490 |
1 |
|
|a Earthscan from Routledge
|
| 504 |
|
|
|a Obsahuje bibliografie a rejstřík
|
| 650 |
0 |
7 |
|a módní návrhářství
|7 ph389998
|2 czenas
|
| 650 |
0 |
7 |
|a módní průmysl
|7 ph1031299
|2 czenas
|
| 650 |
0 |
7 |
|a textilní průmysl
|7 ph116446
|2 czenas
|
| 650 |
0 |
7 |
|a oděvní průmysl
|7 ph123704
|2 czenas
|
| 650 |
0 |
7 |
|a udržitelný rozvoj
|7 ph126768
|2 czenas
|
| 650 |
0 |
7 |
|a oděvy
|7 ph115566
|2 czenas
|
| 650 |
0 |
7 |
|a textilie
|7 ph116444
|2 czenas
|
| 650 |
0 |
7 |
|a ekodesign
|7 ph191225
|2 czenas
|
| 650 |
0 |
7 |
|a hospodářská etika
|7 ph114699
|2 czenas
|
| 650 |
0 |
9 |
|a fashion design
|2 eczenas
|
| 650 |
0 |
9 |
|a fashion industry
|2 eczenas
|
| 650 |
0 |
9 |
|a textile industry
|2 eczenas
|
| 650 |
0 |
9 |
|a clothing industry
|2 eczenas
|
| 650 |
0 |
9 |
|a sustainable development
|2 eczenas
|
| 650 |
0 |
9 |
|a clothes
|2 eczenas
|
| 650 |
0 |
9 |
|a textile fabrics
|2 eczenas
|
| 650 |
0 |
9 |
|a ecodesign
|2 eczenas
|
| 650 |
0 |
9 |
|a economic ethics
|2 eczenas
|
| 655 |
|
7 |
|a monografie
|7 fd132842
|2 czenas
|
| 655 |
|
9 |
|a monographs
|2 eczenas
|
| 830 |
|
0 |
|a Earthscan (Routledge)
|
| 910 |
|
|
|a ZLD002
|
| 928 |
9 |
|
|a Taylor & Francis Group
|
| 942 |
|
|
|2 udc
|
| 952 |
|
|
|0 0
|1 0
|4 0
|5 0
|6 687FLETCHERK
|7 0
|8 BOOK
|9 190539
|a UTBZL
|b UTBZL
|c 005
|d 2026-03-30
|l 0
|o 687/FLETCHER,K.
|p 420010201841
|r 2026-03-30 09:55:55
|v 870.00
|w 2026-03-30
|x N:nákup
|y 01
|
| 992 |
|
|
|a BK
|b SK
|
| 999 |
|
|
|c 115429
|d 115429
|